00430nam a2200157Ia 4500003000400000005001700004008004100021020001500062040000900077082002200086100003800108245006900146250001200215260003600227300000900263OSt20200615152614.0190216s9999||||xx |||||||||||||| ||und|| a8173701024 coclc a305.800954bENG/C aEngineer, Asghar Ali d1939-2013. 0aCommunal Riots In Post-Independence India /cAsghar Ali Engineer a2nd Ed. bSangam Books,c1984.aHyderbad: a366p